<?xml version="1.0" encoding="UTF-8"?>
<collection xmlns="http://www.loc.gov/MARC21/slim">
<record>
  <controlfield tag="001">162055</controlfield>
  <controlfield tag="005">20251017144655.0</controlfield>
  <datafield tag="024" ind1="7" ind2=" ">
    <subfield code="2">doi</subfield>
    <subfield code="a">10.3232/UBR.2025.V22.N2.02</subfield>
  </datafield>
  <datafield tag="024" ind1="8" ind2=" ">
    <subfield code="2">sideral</subfield>
    <subfield code="a">144604</subfield>
  </datafield>
  <datafield tag="037" ind1=" " ind2=" ">
    <subfield code="a">ART-2025-144604</subfield>
  </datafield>
  <datafield tag="041" ind1=" " ind2=" ">
    <subfield code="a">mul</subfield>
  </datafield>
  <datafield tag="100" ind1=" " ind2=" ">
    <subfield code="a">García Bernal, Javier</subfield>
    <subfield code="0">(orcid)0000-0003-2726-7146</subfield>
  </datafield>
  <datafield tag="245" ind1=" " ind2=" ">
    <subfield code="a">Analysing the Level of Decentralisation of Spanish Firms: Assessment and Associated Factors = Análisis del Nivel de Descentralización de las Empresas Españolas: Diagnóstico y Factores Asociados</subfield>
  </datafield>
  <datafield tag="260" ind1=" " ind2=" ">
    <subfield code="c">2025</subfield>
  </datafield>
  <datafield tag="506" ind1="0" ind2=" ">
    <subfield code="a">Access copy available to the general public</subfield>
    <subfield code="f">Unrestricted</subfield>
  </datafield>
  <datafield tag="520" ind1="3" ind2=" ">
    <subfield code="a">Decentralization has proven to be an important factor of competitiveness for companies, especially in the face of turbulent and uncertain economic scenarios. This research, applying the World Management Survey methodology, analyzes the level of decentralization of Spanish companies, exploring the factors associated with it. A very low level of average decentralization has been found, and that larger companies, with an international presence and with greater skills of their employees tend to present more decentralized structures.

La descentralización de las organizaciones ha demostrado ser un importante factor de competitividad para las empresas, especialmente ante escenarios económicos turbulentos e inciertos. La presente investigación, aplicando de la metodología del World Management Sur-vey, analiza el nivel de descentralización de las empresas españolas, explorando los factores asociados al mismo. Se ha encontrado un muy bajo nivel de descentralización promedio, y que las empresas de mayor tamaño, con presencia internacional y con mayor formación de sus empleados tienden a presentar estructuras organizativas más descentralizadas.</subfield>
  </datafield>
  <datafield tag="536" ind1=" " ind2=" ">
    <subfield code="9">info:eu-repo/grantAgreement/ES/DGA/S42-23R-CREVALOR</subfield>
    <subfield code="9">info:eu-repo/grantAgreement/ES/DGA/S52-23R</subfield>
  </datafield>
  <datafield tag="540" ind1=" " ind2=" ">
    <subfield code="9">info:eu-repo/semantics/openAccess</subfield>
    <subfield code="a">by-nc</subfield>
    <subfield code="u">https://creativecommons.org/licenses/by-nc/4.0/deed.es</subfield>
  </datafield>
  <datafield tag="655" ind1=" " ind2="4">
    <subfield code="a">info:eu-repo/semantics/article</subfield>
    <subfield code="v">info:eu-repo/semantics/publishedVersion</subfield>
  </datafield>
  <datafield tag="700" ind1=" " ind2=" ">
    <subfield code="a">García Casarejos, Nieves</subfield>
    <subfield code="u">Universidad de Zaragoza</subfield>
    <subfield code="0">(orcid)0000-0002-5142-0270</subfield>
  </datafield>
  <datafield tag="700" ind1=" " ind2=" ">
    <subfield code="a">Pérez Calle, Ricardo Diego</subfield>
  </datafield>
  <datafield tag="710" ind1="2" ind2=" ">
    <subfield code="1">4012</subfield>
    <subfield code="2">650</subfield>
    <subfield code="a">Universidad de Zaragoza</subfield>
    <subfield code="b">Dpto. Direcc.Organiza.Empresas</subfield>
    <subfield code="c">Área Organización de Empresas</subfield>
  </datafield>
  <datafield tag="773" ind1=" " ind2=" ">
    <subfield code="g">22, 85 (2025), 50-93</subfield>
    <subfield code="p">UCJC bus. soc. rev</subfield>
    <subfield code="t">UCJC business and society review</subfield>
    <subfield code="x">2659-3270</subfield>
  </datafield>
  <datafield tag="856" ind1="4" ind2=" ">
    <subfield code="s">1251922</subfield>
    <subfield code="u">http://zaguan.unizar.es/record/162055/files/texto_completo.pdf</subfield>
    <subfield code="y">Versión publicada</subfield>
  </datafield>
  <datafield tag="856" ind1="4" ind2=" ">
    <subfield code="s">1592290</subfield>
    <subfield code="u">http://zaguan.unizar.es/record/162055/files/texto_completo.jpg?subformat=icon</subfield>
    <subfield code="x">icon</subfield>
    <subfield code="y">Versión publicada</subfield>
  </datafield>
  <datafield tag="909" ind1="C" ind2="O">
    <subfield code="o">oai:zaguan.unizar.es:162055</subfield>
    <subfield code="p">articulos</subfield>
    <subfield code="p">driver</subfield>
  </datafield>
  <datafield tag="951" ind1=" " ind2=" ">
    <subfield code="a">2025-10-17-14:38:06</subfield>
  </datafield>
  <datafield tag="980" ind1=" " ind2=" ">
    <subfield code="a">ARTICLE</subfield>
  </datafield>
</record>
</collection>